=LDR 00000nam 2200000 4500 =001 NUTBA000000000002488 =005 20140618085125.0 =006 =007 =008 =020 ##$$a 978-602-98179-6-6 =035 ##$$a 0010-061400000000431 =040 ##$$a NBPDMAT =082 ##$$a 635.65 =090 ##$$a 635.65 $b Ari b =100 ##$$a Arip Ripangi =245 ##$$a Budidaya cabai / $c Arip Ripangi ; penyunting Chrisna =260 ##$$a Jogjakarta : $b Javalitera, $c 2012 =300 ##$$a 97 hlm. : $b ilus. ; $c 21 cm. =500 ##$$a Bibliografi : hlm. 95-96 =650 ##$$a Cabai =700 ##$$a Chrisna =850 ##$$a NBPDMAT =990 ##$$a 21401927